| 000 | 00585pam a2200169 a 4500 | ||
|---|---|---|---|
| 005 | 20250901165330.0 | ||
| 008 | 851017s1986 nyua b 001 0 eng | ||
| 010 | _a 85026418 | ||
| 020 | _a0442240112 | ||
| 050 | 0 | 0 |
_aTK5104 _b.I67 1986 |
| 082 | 0 | 0 |
_a621.3841/1 _219 |
| 100 | 1 |
_aIppolito, Louis J., _cJr. _q(Louis Joseph), _d1941- |
|
| 245 | 1 | 0 |
_aRadiowave propagation in satellite communications / _cLouis J. Ippolito, Jr. |
| 260 |
_aNew York, N.Y. : _bVan Nostrand Reinhold Co., _cc1986. |
||
| 300 |
_axii, 241 p. : _bill. ; _c24 cm. |
||
| 942 |
_2lcc _hTK5104 .I67 1986 |
||
| 999 |
_c2281 _d2281 |
||